In Two Words: Germany Quiz Stats

 Plays Quiz Updated Jul 15, 2019

Score 0/25 Timer 04:00
2 Plays Today
% Correct
Albert
97.7%
Karl
96.5%
Angela
95.5%
Brothers
95.2%
Heidi
94.6%
Martin
93.9%
Black
93.2%
Brandenburg
93%
Richard
87.9%
Oskar
87.2%
Friedrich
86.6%
Iron
86.5%
Neuschwanstein
82.2%
% Correct
Immanuel
82.2%
Michael
81.7%
Johannes
81.1%
Deutsche
79.8%
Weimar
78.9%
Cologne
77.6%
Bayern
76.8%
Dirk
68.8%
Reichstag
66.5%
Nymphenburg
65.2%
Albrecht
62.8%
Alte
38.4%

You're not logged in!

Compare scores with friends on all Sporcle quizzes.
OR
Log In

Sporcle TV

Today on Sporcle TV


Watch our educational content, quiz creation guides, and fun videos on Sporcle TV.

Show Comments

Extras

Top Quizzes Today


Score Distribution

Your Account Isn't Verified!

In order to create a playlist on Sporcle, you need to verify the email address you used during registration. Go to your Sporcle Settings to finish the process.

Report this User

Report this user for behavior that violates our Community Guidelines.

Details: